| 000 | 00390nam a2200145Ia 4500 | ||
|---|---|---|---|
| 008 | 230917s9999||||xx |||||||||||||| ||und|| | ||
| 040 |
_e214703 _aMAIN |
||
| 041 | _aEnglish | ||
| 082 | _a910.0182 S73Q | ||
| 100 | _aSarkar, Ashis | ||
| 245 | 0 | _aQuantitative geography: Techniques and presentations | |
| 260 |
_aNew Delhi _bOrient Blackswan _c2013 |
||
| 300 | _axxii, 377 p. | ||
| 942 | _cBK | ||
| 999 |
_c175310 _d175310 |
||